Perbandingan fonologi dan morfologi bahasa Iban, Kantuk dan Mualang

Bibliographic Details
Main Author: Rahim bin Aman
Format: Book
Published: Kuala Lumpur : Utusan Publications & Distributors , 2006
Subjects:

MARC

LEADER 00000cam a2200000 7i4500
001 0000021361
005 20080717.0
008 080717
020 |a 9836288384 
090 0 0 |a 499.2315   |b RAH 
100 0 |a Rahim bin Aman 
245 1 0 |a Perbandingan fonologi dan morfologi bahasa Iban, Kantuk dan Mualang   |c Rahim bin Aman 
260 |a Kuala Lumpur :   |b Utusan Publications & Distributors ,   |c 2006 
650 0 |a Dayak Kantuk language   |x Morphology 
650 0 |a Iban language   |x Morphology language   |x Phonology 
650 0 |a Iban language   |x Phonology, Comparative 
650 0 |a Mualang language   |x Morphology 
650 0 |a Mualang language   |x Phonology, Comparative 
999 |a 0001029370   |b Book   |c Adult Collection   |e Perbadanan Perpustakaan Awam Johor